01067nam a2200265 i 450000100060000000300090000600500170001500700030003200800410003502000180007608000310009410000330012524500820015826001010024030000300034149000340037150400420040560000500044771000350049771000550053283000420058785200330062999900170066295201220067920109ES-MaACL20251013231543.0t|021128s2001 sp ||||1| spa d a84-921508-5-8 a929 Salvà i Muner, Jaume1 aMarch, Joan (d1949-)97639310aJaume Salvà i Munar i el mallorquinisme científic / cJoan March Noguera. aAlgaida : bAjuntament d'Algaida ; a[Palma de Mallorca : bGovern de les Illes Balears, c2001. a138 p. : bil. ; c21 cm.1 aEdicions Pere Capellá ; v7 aBibliografía: p. 128-133. Índice.17aSalvà i Munar, Jaume, d1793-1855291583511 aAlgaida. bAyuntamiento.913331 aBaleares (Comunidad Autónoma). bGobierno.920840 aEdicions Pere Capellá ; v79228911 aES-MaACLjL-26032 bR.131817 c20109d20109 00104070aATENEOMbATENEOMcDEPO2d2008-01-17eSCl0oL-26032p1020610r2023-02-23 00:00:00w2023-02-23yMONOGRAFIA